| 000 | 00526nam a2200193Ia 4500 | ||
|---|---|---|---|
| 005 | 20230707092101.0 | ||
| 008 | 131103s9999 xx 000 0 und d | ||
| 020 | _a340245492 | ||
| 040 | _aLoreto College | ||
| 041 | _aEnglish | ||
| 082 |
_a951 _bLYA |
||
| 100 | _aLyall,Leslie T. | ||
| 245 |
_aNew Spring in China ? _b a christian appraisal _cLeslie T.Lyall |
||
| 260 |
_aLondon _bHodder and Stoughton _c1979 |
||
| 300 |
_a253 p. _b ill.,maps |
||
| 650 | _aChina - History,20th century | ||
| 850 | _aLCLIB | ||
| 942 | _cBK | ||
| 999 |
_c7877 _d58356 |
||